|
003 -Nazwa inst., której nr kontr. jest w polu 001 [,]
|
-
- @
- Nazwa instytucji, której n kontrolny jest w polu 001
- NUKAT
|
|
005 -DATA I CZAS OSTATNIEJ MODYFIKACJI [,]
|
-
- @
- pole kontrolne
- 20241231085732.0
|
|
020 -Międzynarod. znormalizowany nr książki - ISBN [ , ]
|
-
- a
- Numer ISBN
- 9788324227143
|
|
040 -Instytucja sporządzająca opis [ , ]
|
-
- a
- Instytucja, która sporządziła opis (NP)
- KAT U/MB
-
- c
- Instytucja, która sporządziła rekord (NP)
- KAT U/MBs
-
- d
- Instytucja, która zmodyfikowała rekord (P)
- KAT U/DL
-
- d
- Instytucja, która zmodyfikowała rekord (P)
- SIEDL 001/AD
-
- d
- Instytucja, która zmodyfikowała rekord (P)
- WR O/MB
|
|
041 -Język dokumentu [1, ]
|
-
- a
- Język tekstu (P)
- polski
-
- h
- Język tekstu oryginalnego i/lub pośredniego (P)
- włoski
|
|
942 -Rodzaj dokumentu [ , ]
|
-
- c
- Rodzaj dokumentu
- Książka
|
|
245 -Strefa tytułu i oznaczenia odpowiedzialności [1,0]
|
-
- a
- Tytuł
- Pojęcia polityczne :
-
- b
- Ciąg dalszy tytułu (NP)
- wspólnota, immunizacja, biopolityka /
-
- c
- Pozostałe elementy strefy tytułu i oznaczenia odpowiedzialności (NP)
- Roberto Esposito ; wstęp Mateusz Burzyk ; przekład: Katarzyna Burzyk, Mateusz Burzyk, Monika Surma-Gawłowska, Joanna Teresa Ugniewska-Dobrzańska, Magdalena Wrana.
|
|
246 -Wariant tytułu [1, ]
|
-
- i
- Tekst wyświetlany na ekranie monitora (NP)
- Tyt. oryg.:
-
- a
- Tytuł (NP)
- Termini della politica:
-
- b
- Ciąg dalszy tytułu (NP)
- comunità, immunità, biopolitica
|
|
260 -Strefa adresu wydawniczego [ , ]
|
-
- a
- Miejsce wydania (P)
- Kraków :
-
- b
- Nazwa wydawcy (P)
- Towarzystwo Autorów i Wydawców Prac Naukowych "Universitas",
-
- c
- Data wydania (P)
- cop. 2015.
|
|
700 -Hasło dodatkowe - nazwa osobowa [1, ]
|
-
- a
- Nazwa osobowa (NP)
- Burzyk, Mateusz
-
- d
- Daty biograficzne (NP)
- (1986- ).
-
- e
- Określenie rodzaju współpracy
- Wstęp
-
|
|
700 -Hasło dodatkowe - nazwa osobowa [1, ]
|
-
- a
- Nazwa osobowa (NP)
- Burzyk, Katarzyna.
-
- e
- Określenie rodzaju współpracy
- Tł.
-
|
|
700 -Hasło dodatkowe - nazwa osobowa [1, ]
|
-
- a
- Nazwa osobowa (NP)
- Surma-Gawłowska, Monika.
-
- e
- Określenie rodzaju współpracy
- Tł.
-
|
|
700 -Hasło dodatkowe - nazwa osobowa [1, ]
|
-
- a
- Nazwa osobowa (NP)
- Ugniewska-Dobrzańska, Joanna
-
- d
- Daty biograficzne (NP)
- (1945- ).
-
- e
- Określenie rodzaju współpracy
- Tł.
-
|
|
700 -Hasło dodatkowe - nazwa osobowa [1, ]
|
-
- a
- Nazwa osobowa (NP)
- Wrana, Magdalena K.
-
- e
- Określenie rodzaju współpracy
- Tł.
-
|
|
710 -Hasło dodatkowe - nazwa ciała zbiorowego [2, ]
|
-
- a
- Nazwa ciała zbiorowego lub nazwa geograficzna jako pierwszy element (NP)
- Towarzystwo Autorów i Wydawców Prac Naukowych "Universitas".
-
-
|